Internet & World Wide Web : how to program : CD / (Record no. 9925)
[ view plain ]
| 000 -LEADER | |
|---|---|
| fixed length control field | 00804nac a22002531u 4500 |
| 010 ## - LIBRARY OF CONGRESS CONTROL NUMBER | |
| LC control number | 2001045144 |
| 020 ## - INTERNATIONAL STANDARD BOOK NUMBER | |
| International Standard Book Number | 0130308978 : |
| 020 ## - INTERNATIONAL STANDARD BOOK NUMBER | |
| International Standard Book Number | 812032370x : |
| 082 00 - DEWEY DECIMAL CLASSIFICATION NUMBER | |
| Classification number | 005.276 |
| Item number | DEI |
| 090 ## - LOCALLY ASSIGNED LC-TYPE CALL NUMBER (OCLC); LOCAL CALL NUMBER (OCLC) | |
| -- | 9925 |
| -- | 9925 |
| 100 ## - MAIN ENTRY--PERSONAL NAME | |
| Personal name | Deitel, Harvey M., |
| 245 10 - TITLE STATEMENT | |
| Title | Internet & World Wide Web : how to program : CD / |
| Statement of responsibility, etc | H.M. Deitel, P.J. Deitel, T.R. Nieto. |
| 246 3# - VARYING FORM OF TITLE | |
| Title proper/short title | Internet and World Wide Web |
| 250 ## - EDITION STATEMENT | |
| Edition statement | 2nd ed. |
| 260 ## - PUBLICATION, DISTRIBUTION, ETC. (IMPRINT) | |
| Place of publication, distribution, etc | Upper Saddle River, N.J. : |
| Name of publisher, distributor, etc | Prentice Hall of India,2003. |
| Date of publication, distribution, etc | c2003. |
| 300 ## - PHYSICAL DESCRIPTION | |
| Type of unit | 1 CD-ROM (4 3/4 in.) |
| 500 ## - GENERAL NOTE | |
| General note | Audiovisuals. |
| 511 ## - PARTICIPANT OR PERFORMER NOTE | |
| Participant or performer note | Catalogued by: Sara. |
| 650 #0 - SUBJECT ADDED ENTRY--TOPICAL TERM | |
| Topical term or geographic name as entry element | Internet programming. |
| 650 #0 - SUBJECT ADDED ENTRY--TOPICAL TERM | |
| Topical term or geographic name as entry element | World Wide Web. |
| 700 1# - ADDED ENTRY--PERSONAL NAME | |
| Personal name | Deitel, Paul J. |
| 700 1# - ADDED ENTRY--PERSONAL NAME | |
| Personal name | Nieto, T. R. |
| Fuller form of name | (Tem R.) |
| 942 ## - ADDED ENTRY ELEMENTS (KOHA) | |
| Item type | |
| Call number prefix | 005.276DEI |
| Withdrawn status | Item status | Damaged status | Not for loan | Home library | Current library | Shelving location | Date acquired | Source of acquisition | Total Checkouts | Full call number | Barcode | Date last seen | Koha item type |
|---|---|---|---|---|---|---|---|---|---|---|---|---|---|
| Central Library | Central Library | Lower Floor | 18/06/2008 | Purchase | 005.276DEI | 000012174 | 24/08/2022 | CD | DVD - With book |